| 000 | 01588nam a2200361Ia 4500 | ||
|---|---|---|---|
| 001 | ebr10227130 | ||
| 003 | CaPaEBR | ||
| 006 | m u | ||
| 007 | cr cn||||||||| | ||
| 008 | 890130s1988 bcca sb 001 0 eng d | ||
| 020 | _z9780774803052 | ||
| 020 | _z9780774856843 | ||
| 040 |
_aCaPaEBR _cCaPaEBR |
||
| 035 | _a(OCoLC)646743932 | ||
| 050 | 1 | 4 |
_aDU510 _b.B37 1988eb |
| 100 | 1 | _aBarratt, Glynn. | |
| 245 | 1 | 0 |
_aRussia and the South Pacific, 1696-1840. _nVolume 2, _pSouthern and Eastern Polynesia _h[electronic resource] / _cGlynn Barratt. |
| 260 |
_aVancouver : _bUniversity of British Columiba Press, _c1988. |
||
| 300 |
_axx, 302 p. : _bill. |
||
| 490 | 0 |
_aUniversity of British Columbia Press Pacific maritime studies series ; _v7 |
|
| 504 | _aIncludes bibliographies and indexes. | ||
| 533 |
_aElectronic reproduction. _bPalo Alto, Calif. : _cebrary, _d2013. _nAvailable via World Wide Web. _nAccess may be limited to ebrary affiliated libraries. |
||
| 651 | 0 |
_aSoviet Union _xHistory. |
|
| 651 | 0 |
_aSoviet Union _xHistory, Naval. |
|
| 651 | 0 |
_aPolynesia _xDiscovery and exploration _xRussian. |
|
| 651 | 0 |
_aEaster Island _xDiscovery and exploration _xRussian. |
|
| 651 | 0 |
_aNew Zealand _xDiscovery and exploration _xRussian. |
|
| 651 | 0 |
_aAustral Islands (French Polynesia) _xDiscovery and exploration _xRussian. |
|
| 651 | 0 |
_aSoviet Union _xRelations _zPolynesia. |
|
| 655 | 7 |
_aElectronic books. _2local |
|
| 710 | 2 | _aebrary, Inc. | |
| 856 | 4 | 0 |
_uhttp://site.ebrary.com/lib/rucke/Doc?id=10227130 _zAn electronic book accessible through the World Wide Web; click to view |
| 999 |
_c41225 _d41225 |
||